Vincent Chase Movies Quiz Stats

 Plays Quiz Updated Nov 21, 2016

Score 0/8 Timer 02:00
2 Plays Today
Year Film % Correct
2006Aquaman
97.1%
2005Queens Boulevard
78.9%
2007Medellin
60.2%
2004Head On
49.6%
UnfinishedSmoke Jumpers
48.3%
2009Gatsby
48.1%
2010Ferrari
34.4%
2002A Walk to Remember
17.3%

You're not logged in!

Compare scores with friends on all Sporcle quizzes.
OR
Log In

Sporcle TV

Today on Sporcle TV


Watch our educational content, quiz creation guides, and fun videos on Sporcle TV.

Show Comments

Extras

Top Quizzes Today


Score Distribution

Your Account Isn't Verified!

In order to create a playlist on Sporcle, you need to verify the email address you used during registration. Go to your Sporcle Settings to finish the process.

Report this User

Report this user for behavior that violates our Community Guidelines.

Details: